|
|
|
|
| LEADER |
00000nsb a2200000 a 4500 |
| 005 |
20230308204130.0 |
| 008 |
008020| ||||||||r|||||||||||spa|| |
| 022 |
|
|
|a 00487775
|
| 040 |
|
|
|b spa
|
| 041 |
1 |
|
|a spa
|
| 082 |
0 |
|
|a 610.05
|
| 100 |
|
|
|a Kuffó M., Dolores
|9 280727
|
| 245 |
|
|
|a Rol de la red de laboratorios en el diagnóstico de tuberculosis en el Ecuador, años 2001 al 2005
|c Dolores Kuffó M.
|h imp
|
| 264 |
|
|
|a Guayaquil, Ecuador
|b Instituto de Higiene y Medicina Tropical Leopoldo Izquieta Pérez
|c 2007
|
| 300 |
|
|
|a páginas: 33-78
|b gra
|
| 490 |
|
|
|a Revista ecuatoriana de higiene y medicina tropical
|
| 490 |
|
|
|v v. 44, no 2
|
| 500 |
|
|
|a Trabajo original
|
| 504 |
|
|
|a incl. ref.
|
| 520 |
3 |
|
|a Los resultados de la baciloscopía en el Ecuador durante los años 2001 hasta el 2005 han experimentado un considerable incremento a expensas, especialmente de las provincias DOTS. Todos estos procedimientos están bajo un permanente control de calidad de la bacilosocía, de los cultivos y de las pruebas de resistencia, desde el nivel local, provincial, regional y nacional, hasta el nivel supranacional en el Instituto de Salud Pública de Chile. AU
|
| 650 |
|
|
|a Red de laboratorios
|9 280728
|
| 650 |
|
|
|a Salud publica
|9 108
|
| 650 |
|
|
|a Servicios laboratoriales de salud publica
|9 280729
|
| 650 |
|
|
|a Tuberculosis-Diagnostico
|
| 650 |
|
|
|a Diagnostico de tuberculosis
|9 280730
|
| 650 |
|
|
|a Ecuador
|
| 773 |
0 |
|
|0 si1403
|9 si1403
|a Kuffó M., Dolores
|d Guayaquil, Ecuador Instituto de Higiene y Medicina Tropical Leopoldo Izquieta Pérez 2007
|o si1403
|w si1403
|x 00487775
|6 si1403
|
| 852 |
|
|
|a UC-SALUD
|c ESTANTERIA ABIERTA
|f Donación
|k teresa.torres
|l 1
|m Limitada
|p 20080205
|b 1
|d CDRS
|e CDRS
|g 610.05 ESTANTERIA ABIERTA
|z 2008-80-20
|
| 942 |
|
|
|c SERA
|
| 999 |
|
|
|c 107854
|d 107854
|